- Montes, Graciela,
Entry Nombre Personal
001 - NUMERO DE CONTROL
- campo de control: 27926
003 - IDENTIFICADOR DE NUMERO DE CONTROL
- campo de control: DLC
005 - FECHA Y HORA DE LA ÜLTIMA TRANSACCIÓN
- campo de control: 20220330091305.0
008 - DATOS DE LONGITUD FIJA
- campo de control de longitud fija: 881229n| azannaabn |b aaa
010 ## - NÚMERO DE CONTROL DE LA BIBLIOTECA DEL CONGRESO
- Número de control LC: n 88682251
035 ## - NUMERO DE CONTROL
- Número de control: (OCoLC)oca02430948
040 ## - FUENTE DE CATALOGACIÓN
- Agencia original de catalogación: DLC
- Lenguaje de catalogación: spa
- Description conventions: rda
- Agencia de transcripción: DLC
- Agencia que lo modifica: DLC
- Agencia que lo modifica: CSt
- Agencia que lo modifica: NmU
- Agencia que lo modifica: OCoLC
- Agencia que lo modifica: UPB
- Agencia que lo modifica: MX-MxUPN
046 ## - FECHAS CON CODIFICACIÓN ESPECIAL
- Fecha de nacimiento: 1947
- Fuente del formato de fecha: edtf
053 #0 - NÚMERO DE CLASIFICACIÓN LC
- Número de clasificación elemento-número único o número inicial de tramo: PQ7798.23.O519
100 1# - ENCABEZAMIENTO - NOMBRE PERSONAL
- Nombre personal: Montes, Graciela,
- Fechas asociadas con el nombre: 1947-
374 ## - OCUPACIÓN
- Occupation: Autora
- Fuente del término: lcsh
375 ## - GÉNERO
- Gender: females
- Fuente del término: lcdgt
377 ## - LENGUA ASOCIADA
- Language code: spa
378 ## - FORMA COMPLETA DE NOMBRE PERSONAL
- Fuller form of personal name: Graciela Silvia
670 ## - FUENTE EN LA QUE SE LOCALIZARON DATOS
- Cita de la fuente: nuc88-10050: El Cuento infantil, c1977 (1978 printing)
- Información localizada: (hdg. on PrU rept.: Montes, Graciela; usage: Graciela Montes)
670 ## - FUENTE EN LA QUE SE LOCALIZARON DATOS
- Cita de la fuente: LC data base, 12/29/88
- Información localizada: (hdg.: Montes, Graciela)
670 ## - FUENTE EN LA QUE SE LOCALIZARON DATOS
- Cita de la fuente: Aventuras y desventuras de Casiperro del hambre, 1995?:
- Información localizada: portada (Graciela Montes) página 2 de la cubierta (n. 1947)
670 ## - FUENTE EN LA QUE SE LOCALIZARON DATOS
- Cita de la fuente: La frontera indómita, 1999:
- Información localizada: portada (Graciela Montes) solapa delantera (Graciela Silvia Montes)
902 ## - CATALOGADOR
- Catalogador: NDAF/220330
